Sports Quiz

Random Sports or Minefield Quiz

No Sport US States Minefield Quiz Stats

 Plays Quiz Updated Jun 12, 2017

Support Sporcle.
Go Orange.
Score 0/24 Timer 05:00
18 Plays Today
% Correct
???
88.7%
???
81.3%
???
81.2%
???
79.8%
???
79%
???
78.3%
???
75.5%
???
75.3%
???
73.5%
???
65.9%
???
64.8%
???
63.7%
% Correct
???
62.7%
???
62.1%
???
62%
???
59.8%
???
59.4%
???
58.6%
???
57.9%
???
56.5%
???
54.9%
???
51%
???
44.9%
???
42.8%

You're not logged in!

Compare scores with friends on all Sporcle quizzes.
OR
Log In
Forgot?

From the Vault

Dexter's Morning Routine Minefield

by beforever

As long as you follow the code of Harry, you'll do just fine.
Remove Ads.
Support Sporcle.
Get the best of Sporcle when you Go Orange. This ad-free experience offers more features, more stats, and more fun while also helping to support Sporcle. Thank you for becoming a member.

Show Comments

Extras

Top Quizzes Today


Score Distribution

Your Account Isn't Verified!

In order to create a playlist on Sporcle, you need to verify the email address you used during registration. Go to your Sporcle Settings to finish the process.

Report this User

Report this user for behavior that violates our Community Guidelines.

Details: